01592nam a2200397Ia 4500001000900000003000500009005001700014008004100031010001100072020001800083040000900101082002100110100002700131245016800158260004200326300001600368500008400384503000800468504002700476590001900503650004300522650003300565650003600598650002600634650003300660650005000693700004500743700003300788901002100821902000600842905006300848942001500911999001900926952012500945952012401070dia_1899CHAP20251023171528.0220117s2000 xx 000 0 und d a172437 a84-7978-441-5 cCHAP a637.127 E45 2000 aEllner, Richard936397 aPreguntas y respuestas sobre la microbiología de la leche y los productos lácteos /c Richard Ellner ; traducción Corinna Schlüter-Ellner y Rodrigo Schulz aEspaña :b Díaz de Santos,c2000 axii, 144 p. aTítulo original: Fragen und Antworten zur milchwirtschaftlichen mikrobiologie aC/e aBibliografía: p. 137 aQR121 E45 2000 aDairy productsxMicrobiology 9151785 aIndustria láctea 9143326 aLechexMicrobiología 965395 aMilk industry9147869 aMilkxMicrobiology 9151786 aProductos lácteosxMicrobiología 992146 aSchlüter-Ellner, Corinna, tr. 9151787 aSchulz, Rodrigo, tr.9151788 a637.127 E45 2000 aM a5232272000 sp n 8222223322spa16 cLIBRO2ddc c172437d172437 00102ddc40708GRALaIA_bIA_c1d2022-01-18f1l17pdia_006084r2025-06-02 18:14:31s2025-06-02t2w2022-01-18yLIBRO 00102ddc40708GRALaIA_bIA_c1d2022-01-18f1l9pdia_005220r2026-03-20 12:09:34s2026-02-18t1w2022-01-18yLIBRO